00558 2200169 4500245006100000020002200061250001100083100001900094650002300113005001900136260003700155041001400192084000800206500013000214490003500344336000900379 aEksplorasi Ruang Angkasa Volume 16cA. Ari DartoyohText a978-602-7706-16-3 aCet. 1 aA. Ari Dartoyo aEnsiklopedia Sains a20231108104731 aJakartabIndonesia Printerc2012 aIndonesia a503 aPenaklukan Ruang Angkasa, Terbang Melintasi Ruang Angkasa, Eksplorasi Permanen, Mengunjungi Dunia Lain, Astronautika Terapan. aEnsiklopedia Sains Spektakuler atext